Music Quiz

Random Music or Song Quiz

'Weird Al' Hits Quiz Stats

Quiz Updated Jul 24, 2014

Challenge
Share
Tweet
Embed
Score 0/11 Timer 04:00
0 Plays Today
Peaked at Song % Correct
#12 in April 1984Eat It
78.5%
#99 in May 1988Fat
67.3%
#53 in April 1996Amish Paradise
65.4%
#9 in October 2006White & Nerdy
63.9%
#47 in July 1985Like a Surgeon
54.7%
#35 in May 1992Smells Like Nirvana
33.7%
#39 in July 2014Word Crimes
30.3%
#81 in July 1984I Lost on Jeopardy
23.2%
#82 in October 2006Canadian Idiot
13.4%
#63 in April 1983Ricky
11.6%
#62 in May 1984King of Suede
7.1%

You're not logged in!

Compare scores with friends on all Sporcle quizzes.
Sign Up with Email
OR
Log In

You Might Also Like...

Show Comments

Extras

Top Quizzes Today


Score Distribution

Your Account Isn't Verified!

In order to create a playlist on Sporcle, you need to verify the email address you used during registration. Go to your Sporcle Settings to finish the process.